[Event "CZE-chT2B 2223"]
[Site "Czech Republic"]
[Date "2022.11.20"]
[Round "3.6"]
[White "Vondra, Zbynek"]
[Black "Horak, Ales"]
[Result "1-0"]
[WhiteElo "2087"]
[BlackElo "2123"]
[PlyCount "81"]
[EventDate "2022.10.16"]
[EventType "team-tourn"]
[EventRounds "11"]
[EventCountry "CZE"]
[SourceTitle "EXT 2024"]
[Source "ChessBase"]
[SourceDate "2023.10.10"]
[SourceVersion "1"]
[SourceVersionDate "2023.10.10"]
[SourceQuality "1"]
[WhiteTeam "Kladno"]
[BlackTeam "Udlice"]
[WhiteTeamCountry "CZE"]
[BlackTeamCountry "CZE"]

1. e4 d6 2. d4 Nf6 3. Nc3 g6 4. f4 c6 5. Nf3 b5 6. e5 dxe5 7. fxe5 Nd5 8. Be2 Bg7 9. a4 b4 10. Nxd5 Qxd5 11. c4 bxc3 12. bxc3 Ba6 13. 0-0 0-0 14. Ba3 Re8 15. Rb1 Qa2 16. Bxa6 Nxa6 17. Qb3 Qe2 18. Rbe1 Qd3 19. Ng5 e6 20. Qb7 Qxc3 21. Qxf7+ Kh8 22. Be7 Qxd4+ 23. Kh1 Qd7 24. Bd6 Qxf7 25. Rxf7 c5 26. Rb1 Nb4 27. Bxc5 Nd3 28. Bd6 Bxe5 29. Rbb7 Bxd6 30. Rxh7+ Kg8 31. Rbg7+ Kf8 32. Rf7+ Kg8 33. Rhg7+ Kh8 34. Rh7+ Kg8 35. Rfg7+ Kf8 36. Rxg6 Ne5 37. Nxe6+ Rxe6 38. Rxe6 Kg8 39. Rb7 Rc8 40. g3 Bb8 41. Rxb8 1-0

[Event "CZE-chT2B 2223"]
[Site "Czech Republic"]
[Date "2022.11.06"]
[Round "2.7"]
[White "Micanek, Tomas"]
[Black "Horak, Ales"]
[Result "0-1"]
[WhiteElo "2106"]
[BlackElo "2123"]
[PlyCount "76"]
[EventDate "2022.10.16"]
[EventType "team-tourn"]
[EventRounds "11"]
[EventCountry "CZE"]
[SourceTitle "EXT 2024"]
[Source "ChessBase"]
[SourceDate "2023.10.10"]
[SourceVersion "1"]
[SourceVersionDate "2023.10.10"]
[SourceQuality "1"]
[WhiteTeam "Bohemians"]
[BlackTeam "Udlice"]
[WhiteTeamCountry "CZE"]
[BlackTeamCountry "CZE"]

1. e4 e5 2. Nf3 Nc6 3. d4 exd4 4. Nxd4 Bc5 5. Be3 Qf6 6. c3 Nge7 7. Nc2 Bxe3 8. Nxe3 d6 9. g3 h5 10. f4 h4 11. Bg2 hxg3 12. hxg3 Rxh1+ 13. Bxh1 Qh6 14. Bg2 Bh3 15. Ng4 Qh7 16. Bxh3 Qxh3 17. Qf3 f5 18. Nf2 fxe4 19. Nxe4 Nf5 20. Nbd2 0-0-0 21. 0-0-0 d5 22. Nc5 Qxg3 23. Qf1 Qe3 24. Nd3 Ng3 25. Qh3+ Kb8 26. Kc2 Re8 27. Re1 Ne2 28. Qxe3 Rxe3 29. Nf1 Re7 30. Kd2 Ng1 31. Rxe7 Nxe7 32. Nf2 Nf3+ 33. Ke3 Nh4 34. Kd4 Kc8 35. Ne3 c6 36. Nd3 Nf3+ 37. Kc5 Kc7 38. a4 a5 0-1

[Event "CZE-chT2B 2223"]
[Site "Czech Republic"]
[Date "2022.10.16"]
[Round "1.8"]
[White "Markina, Sofiia"]
[Black "Horak, Ales"]
[Result "0-1"]
[WhiteElo "1439"]
[BlackElo "2123"]
[PlyCount "66"]
[EventDate "2022.10.16"]
[EventType "team-tourn"]
[EventRounds "11"]
[EventCountry "CZE"]
[SourceTitle "EXT 2024"]
[Source "ChessBase"]
[SourceDate "2023.10.10"]
[SourceVersion "1"]
[SourceVersionDate "2023.10.10"]
[SourceQuality "1"]
[WhiteTeam "Aurora"]
[BlackTeam "Udlice"]
[WhiteTeamCountry "CZE"]
[BlackTeamCountry "CZE"]

1. e4 d6 2. d4 Nf6 3. Nc3 g6 4. Nf3 c6 5. Be2 Bg7 6. 0-0 0-0 7. Be3 Qc7 8. Qd2 b5 9. a3 Nbd7 10. h3 a6 11. Rad1 Bb7 12. Nh2 c5 13. d5 b4 14. axb4 cxb4 15. Na2 Nxe4 16. Qxb4 Ndf6 17. Bb6 Qd7 18. Bg4 Qb5 19. Qxb5 axb5 20. Nb4 Nxg4 21. Nxg4 Bxb2 22. Rb1 Bc3 23. Rb3 Rfc8 24. Rd1 Ra4 25. Nc6 Bxc6 26. dxc6 b4 27. c7 Nd2 28. Rxd2 Bxd2 29. Bd4 Rxc7 30. Rd3 Rxc2 31. Ne3 Bxe3 32. Rxe3 b3 33. Rxe7 Rxd4 0-1

[Event "CZE-chT2B 1920"]
[Site "Czech Republic"]
[Date "2020.02.23"]
[Round "9.5"]
[White "Horak, Ales"]
[Black "Orsagova, Silvie"]
[Result "1/2-1/2"]
[WhiteElo "2128"]
[BlackElo "2136"]
[PlyCount "153"]
[EventDate "2019.10.13"]
[EventType "team-tourn"]
[EventRounds "11"]
[EventCountry "CZE"]
[SourceTitle "EXT 2024"]
[Source "ChessBase"]
[SourceDate "2023.10.10"]
[SourceVersion "1"]
[SourceVersionDate "2023.10.10"]
[SourceQuality "1"]
[WhiteTeam "Udlice"]
[BlackTeam "Praha Dukla"]
[WhiteTeamCountry "CZE"]
[BlackTeamCountry "CZE"]

1. e4 d5 2. exd5 Qxd5 3. Nc3 Qa5 4. d4 Nf6 5. Bc4 c6 6. Bd2 Bf5 7. Nf3 e6 8. 0-0 Nbd7 9. a4 Bb4 10. Bb3 Bg4 11. h3 Bh5 12. Na2 Bxd2 13. Qxd2 Qxd2 14. Nxd2 0-0-0 15. c3 c5 16. Nc4 cxd4 17. cxd4 Nb6 18. Nxb6+ axb6 19. g4 Bg6 20. Rfd1 Rd6 21. Nc3 Rhd8 22. Nb5 R6d7 23. f3 Nd5 24. Bxd5 Rxd5 25. Rdc1+ Kb8 26. Ra3 Rc8 27. Rxc8+ Kxc8 28. Kf2 Kb8 29. Ke3 Bc2 30. Kd2 Bg6 31. Re3 Kc8 32. h4 h6 33. Re5 Rd8 34. Ke3 Bc2 35. Nc3 Kb8 36. f4 Kc7 37. d5 Bb3 38. dxe6 Bxe6 39. f5 Bb3 40. Re7+ Rd7 41. Re4 Bc2 42. Rc4+ Kd8 43. Rd4 Rxd4 44. Kxd4 Bb3 45. Nd5 Bxa4 46. Nxb6 Bd1 47. g5 hxg5 48. hxg5 Ke7 49. Kc5 Bc2 50. Nd5+ Kd7 51. Nb6+ Ke7 52. Nd5+ Kd7 53. Ne3 Be4 54. Kd4 Bb1 55. Ke5 Bd3 56. Nd5 g6 57. fxg6 Bxg6 58. Kf6 Ke8 59. Nc7+ Kd7 60. Ne6 Ke8 61. Nc5 b5 62. Ne6 Bd3 63. Nc7+ Kf8 64. Nd5 Bc4 65. Ne3 Bb3 66. Nf5 Bd5 67. b4 Ba2 68. Ke5 Bc4 69. Kd4 Bf1 70. Kc5 Bd3 71. Nd6 Kg7 72. Nxb5 Kg6 73. Nd6 Kxg5 74. Nxf7+ Kf6 75. Nd6 Ke7 76. Nc4 Kd8 77. b5 1/2-1/2

[Event "CZE-chT2B 1920"]
[Site "Czech Republic"]
[Date "2020.01.12"]
[Round "6.7"]
[White "Vrecion, Jiri"]
[Black "Horak, Ales"]
[Result "1/2-1/2"]
[WhiteElo "2037"]
[BlackElo "2128"]
[PlyCount "83"]
[EventDate "2019.10.13"]
[EventType "team-tourn"]
[EventRounds "11"]
[EventCountry "CZE"]
[SourceTitle "EXT 2024"]
[Source "ChessBase"]
[SourceDate "2023.10.10"]
[SourceVersion "1"]
[SourceVersionDate "2023.10.10"]
[SourceQuality "1"]
[WhiteTeam "Kolesovice Cesky Lev"]
[BlackTeam "Udlice"]
[WhiteTeamCountry "CZE"]
[BlackTeamCountry "CZE"]

1. c4 Nf6 2. Nc3 e6 3. g3 d5 4. cxd5 Nxd5 5. Bg2 Nxc3 6. bxc3 c5 7. Rb1 Nc6 8. d3 Qa5 9. Qc2 Be7 10. Bd2 0-0 11. Nf3 Bf6 12. 0-0 Rb8 13. Bf4 e5 14. Bg5 e4 15. dxe4 Qxc3 16. Qxc3 Bxc3 17. Bf4 Be6 18. Bxb8 Rxb8 19. Rbc1 Bb4 20. Rc2 Rd8 21. e3 b5 22. Ra1 Ba3 23. Bf1 a6 24. Ne1 c4 25. f4 f6 26. Kf2 Nb4 27. Re2 c3 28. Nc2 Nxc2 29. Rxc2 Rd2+ 30. Rxd2 cxd2 31. Be2 Bb2 32. Rb1 Bc3 33. a3 Ba2 34. Rg1 Kf7 35. Bd3 Bb3 36. Ke2 Ba4 37. e5 fxe5 38. Bxh7 a5 39. h4 b4 40. axb4 Bxb4 41. Rb1 Ke7 42. g4 1/2-1/2

[Event "CZE-chT2B 1920"]
[Site "Czech Republic"]
[Date "2019.12.01"]
[Round "4.5"]
[White "Horak, Ales"]
[Black "Kalousek, Zdenek"]
[Result "1-0"]
[WhiteElo "2128"]
[BlackElo "2039"]
[PlyCount "77"]
[EventDate "2019.10.13"]
[EventType "team-tourn"]
[EventRounds "11"]
[EventCountry "CZE"]
[SourceTitle "EXT 2024"]
[Source "ChessBase"]
[SourceDate "2023.10.10"]
[SourceVersion "1"]
[SourceVersionDate "2023.10.10"]
[SourceQuality "1"]
[WhiteTeam "Udlice"]
[BlackTeam "Karlovy Vary Tietz II"]
[WhiteTeamCountry "CZE"]
[BlackTeamCountry "CZE"]

1. e4 e5 2. Nf3 Nc6 3. Bb5 a6 4. Ba4 Nf6 5. d3 b5 6. Bb3 d5 7. exd5 Nxd5 8. Qe2 Be6 9. Nxe5 Nd4 10. Qe4 Nf6 11. Qe3 Bc5 12. Qd2 Qd6 13. Nf3 Nxf3+ 14. gxf3 Bh3 15. Qf4 0-0 16. Qxd6 Bxd6 17. Ke2 Nh5 18. Nc3 Rae8+ 19. Ne4 Kh8 20. Be3 Be7 21. Kd2 Bg2 22. Rhe1 Bxf3 23. Ng5 Bxg5 24. Bxg5 f6 25. Be3 Bc6 26. Bc5 Rxe1 27. Rxe1 Re8 28. Re7 Rxe7 29. Bxe7 Bd7 30. Ke3 g6 31. c4 Kg7 32. c5 f5 33. d4 Nf6 34. Bd8 c6 35. Bxf6+ Kxf6 36. d5 g5 37. Kd4 cxd5 38. Bxd5 Bc8 39. Bg8 1-0

[Event "Teplice op 14th"]
[Site "Teplice"]
[Date "2019.06.15"]
[Round "1"]
[White "Horak, Ales"]
[Black "Epishin, Vladimir"]
[Result "0-1"]
[WhiteElo "2106"]
[BlackElo "2564"]
[PlyCount "88"]
[EventDate "2019.06.15"]
[EventType "swiss"]
[EventRounds "9"]
[EventCountry "CZE"]
[SourceTitle "CBM 191 Extra"]
[Source "ChessBase"]
[SourceDate "2019.09.30"]
[SourceVersion "1"]
[SourceVersionDate "2019.09.30"]
[SourceQuality "1"]

1. e4 g6 2. d4 Bg7 3. Nf3 d6 4. Bc4 Nf6 5. e5 dxe5 6. Nxe5 0-0 7. 0-0 Nbd7 8. Bg5 Nxe5 9. dxe5 Ne4 10. Qxd8 Rxd8 11. Bxe7 Re8 12. Bf6 Nxf6 13. exf6 Bxf6 14. Nc3 Bf5 15. Nd5 Be5 16. Ne3 Be4 17. c3 Rad8 18. Rad1 Bc6 19. Rxd8 Rxd8 20. Rd1 Rb8 21. Nd5 Kg7 22. Ne7 Be8 23. Nd5 a5 24. Re1 Bd6 25. a3 b5 26. Ba2 Bd7 27. Ne3 f5 28. Nc2 Rd8 29. h4 Kf6 30. Ne3 c6 31. Rd1 Bc7 32. Kf1 a4 33. Bb1 f4 34. Nc2 Bf5 35. Rc1 Bb6 36. Nd4 Bxb1 37. Rxb1 Bxd4 38. cxd4 Rxd4 39. Ke2 c5 40. Rc1 c4 41. Rc2 Ke5 42. Kf3 h5 43. Re2+ Kf5 44. g3 Rd3+ 0-1

[Event "CZE-chT2B 1819"]
[Site "Czech Republic"]
[Date "2019.02.10"]
[Round "8.4"]
[White "Horak, Ales"]
[Black "Kolar, Jachym"]
[Result "1-0"]
[WhiteElo "2093"]
[BlackElo "2146"]
[PlyCount "151"]
[EventDate "2018.10.14"]
[EventType "team-tourn"]
[EventRounds "11"]
[EventCountry "CZE"]
[SourceTitle "EXT 2022"]
[Source "ChessBase"]
[SourceDate "2021.10.06"]
[SourceVersion "1"]
[SourceVersionDate "2021.10.06"]
[SourceQuality "1"]
[WhiteTeam "Udlice"]
[BlackTeam "Louny Union"]
[WhiteTeamCountry "CZE"]
[BlackTeamCountry "CZE"]

1. e4 c5 2. Nf3 e6 3. c3 d5 4. exd5 exd5 5. d4 Nc6 6. Be2 Bd6 7. Be3 cxd4 8. Nxd4 Nge7 9. Nd2 0-0 10. N2b3 Ne5 11. 0-0 a6 12. Bg5 Qc7 13. Bxe7 Bxe7 14. Nf3 Be6 15. Nbd4 Ng6 16. Re1 Bd7 17. Bd3 Bd6 18. Qc2 Rfe8 19. g3 Rad8 20. Rxe8+ Rxe8 21. Re1 Bc5 22. Rxe8+ Bxe8 23. h4 Nf8 24. Kg2 f6 25. Qe2 Bh5 26. Ne6 Nxe6 27. Qxe6+ Qf7 28. Qc8+ Bf8 29. Nd4 g5 30. Bf5 Qe7 31. hxg5 fxg5 32. Ne6 Be8 33. Nxf8 Kxf8 34. Qe6 Qxe6 35. Bxe6 Bc6 36. Kf1 Ke7 37. Bf5 h6 38. Ke2 Kf6 39. Bg4 Be8 40. Bc8 Bc6 41. Ke3 a5 42. Kd4 b6 43. Bg4 Bb7 44. Bf3 Kf5 45. c4 h5 46. Bxh5 dxc4 47. Kxc4 Bc6 48. Kd4 Bb7 49. Be2 Bc6 50. f3 Kf6 51. f4 gxf4 52. gxf4 Kf5 53. Ke3 Kf6 54. Bg4 Bd5 55. a3 Bf7 56. Kd4 Ba2 57. Kc3 Bd5 58. b4 axb4+ 59. Kxb4 Bc6 60. Kc4 Ke7 61. Kd4 Kf6 62. Bc8 Bf3 63. Bd7 Bb7 64. Kc4 Ba6+ 65. Kd5 Ke7 66. Kc6 Bd3 67. Bc8 b5 68. Kd5 Kf6 69. Kd4 Bf1 70. Ba6 Kf5 71. Ke3 Kg4 72. a4 Bc4 73. Bxb5 Bd5 74. Bd7+ Kh5 75. Bc8 Kg6 76. a5 1-0

[Event "CZE-chT2B 1819"]
[Site "Czech Republic"]
[Date "2019.01.27"]
[Round "7.4"]
[White "Hrbolka, Ladislav"]
[Black "Horak, Ales"]
[Result "1-0"]
[WhiteElo "2054"]
[BlackElo "2093"]
[PlyCount "65"]
[EventDate "2018.10.14"]
[EventType "team-tourn"]
[EventRounds "11"]
[EventCountry "CZE"]
[SourceTitle "EXT 2022"]
[Source "ChessBase"]
[SourceDate "2021.10.06"]
[SourceVersion "1"]
[SourceVersionDate "2021.10.06"]
[SourceQuality "1"]
[WhiteTeam "Most Chess"]
[BlackTeam "Udlice"]
[WhiteTeamCountry "CZE"]
[BlackTeamCountry "CZE"]

1. Nf3 Nf6 2. g3 d5 3. Bg2 c5 4. 0-0 Nc6 5. d4 cxd4 6. Nxd4 Bd7 7. c4 e5 8. Nxc6 Bxc6 9. Nc3 d4 10. Nd5 Nxd5 11. cxd5 Bxd5 12. Qa4+ Ke7 13. e3 Bxg2 14. Kxg2 Qd5+ 15. Kg1 d3 16. e4 Qd7 17. Qb3 d2 18. Bxd2 Kf6 19. Qe3 g6 20. Qg5+ Kg7 21. Qxe5+ f6 22. Qf4 Bd6 23. Qh6+ Kf7 24. Bc3 Rae8 25. Rfe1 Be5 26. Rad1 Qc6 27. Rc1 Bxc3 28. Rxc3 Rxe4 29. Rxe4 Qxe4 30. Rc7+ Ke6 31. Qd2 Kf5 32. Qd7+ Kg5 33. f4+ 1-0

[Event "CZE-chT2B 1819"]
[Site "Czech Republic"]
[Date "2018.12.16"]
[Round "5.3"]
[White "Horak, Ales"]
[Black "Jenicek, Emil"]
[Result "1/2-1/2"]
[WhiteElo "2093"]
[BlackElo "2038"]
[PlyCount "125"]
[EventDate "2018.10.14"]
[EventType "team-tourn"]
[EventRounds "11"]
[EventCountry "CZE"]
[SourceTitle "EXT 2022"]
[Source "ChessBase"]
[SourceDate "2021.10.06"]
[SourceVersion "1"]
[SourceVersionDate "2021.10.06"]
[SourceQuality "1"]
[WhiteTeam "Udlice"]
[BlackTeam "Teplice"]
[WhiteTeamCountry "CZE"]
[BlackTeamCountry "CZE"]

1. e4 c6 2. d4 d5 3. e5 Bf5 4. Nc3 e6 5. g4 Bg6 6. Nge2 f6 7. Nf4 Bf7 8. Qe2 fxe5 9. Qxe5 Qd6 10. Qe2 Nd7 11. Nd3 0-0-0 12. Bf4 Qe7 13. 0-0-0 g5 14. Bg3 Bg7 15. Ne5 Nxe5 16. Bxe5 Bxe5 17. Qxe5 Qf6 18. h4 gxh4 19. f4 Qxe5 20. dxe5 Ne7 21. Rxh4 h5 22. Ne2 hxg4 23. Rxg4 Rdg8 24. Rxg8+ Bxg8 25. Bg2 Rh4 26. Bf3 Bh7 27. Rg1 Bf5 28. Kd2 Ng6 29. Ke3 c5 30. c3 Rh3 31. Rg3 Kc7 32. Bg2 Rxg3+ 33. Nxg3 Bg4 34. Bf3 Bxf3 35. Kxf3 b5 36. Kg4 b4 37. cxb4 c4 38. Ne2 Ne7 39. Nd4 Kd7 40. a4 Nc6 41. Nxc6 Kxc6 42. f5 exf5+ 43. Kxf5 d4 44. Ke4 d3 45. Ke3 Kd5 46. b3 cxb3 47. Kxd3 Kxe5 48. Kc3 Kd5 49. Kxb3 Kd4 50. a5 Kd5 51. Ka3 Kc4 52. Ka4 a6 53. Ka3 Kb5 54. Kb3 Kc6 55. Kc2 Kd6 56. Kc3 Kc6 57. Kd4 Kb5 58. Kc3 Kc6 59. Kc4 Kd6 60. Kd4 Kc6 61. Kc4 Kd6 62. Kb3 Kc6 63. Ka4 1/2-1/2

[Event "Pardubice Czech op-E 29th"]
[Site "Pardubice"]
[Date "2018.07.13"]
[Round "3"]
[White "Potapov, Alexander1111"]
[Black "Horak, Ales"]
[Result "1-0"]
[WhiteElo "2404"]
[BlackElo "2122"]
[PlyCount "129"]
[EventDate "2018.07.12"]
[EventType "team"]
[EventRounds "7"]
[EventCountry "CZE"]
[SourceTitle "EXT 2019"]
[Source "ChessBase"]
[SourceDate "2018.10.10"]
[SourceVersion "1"]
[SourceVersionDate "2018.10.10"]
[SourceQuality "1"]
[WhiteTeam "Yamal"]
[BlackTeam "Captain Dave"]
[WhiteTeamCountry "RUS"]
[BlackTeamCountry "CZE"]

1. d4 Nf6 2. c4 g6 3. Nc3 d5 4. Bf4 Bg7 5. e3 c6 6. h3 0-0 7. Nf3 Nbd7 8. Rc1 Re8 9. cxd5 cxd5 10. Nb5 Qa5+ 11. Qd2 Qxd2+ 12. Kxd2 Rf8 13. Nc7 Rb8 14. Bd3 Ne4+ 15. Ke2 e6 16. Rc2 b6 17. Nb5 e5 18. Nxe5 Nxe5 19. Bxe5 Bxe5 20. dxe5 Nc5 21. Nd6 Be6 22. b4 Nd7 23. f4 f6 24. exf6 Nxf6 25. g4 Rbd8 26. Nb5 Rf7 27. Nd4 Bc8 28. Rhc1 Bb7 29. Rc7 Rdd7 30. Rxd7 Rxd7 31. g5 Nh5 32. Kf3 Ng7 33. Bb5 Re7 34. Bc6 Bxc6 35. Rxc6 Rd7 36. Rc8+ Kf7 37. Nc6 Ke6 38. Ne5 Rb7 39. b5 Nf5 40. Nc6 Kd6 41. Nd4 Nxd4+ 42. exd4 Rf7 43. Kg4 Re7 44. Rd8+ Ke6 45. h4 Rc7 46. Re8+ Kf7 47. Rh8 Ke6 48. Re8+ Kf7 49. Re5 Rc2 50. a3 Rc3 51. Rxd5 Rxa3 52. Rd7+ Kg8 53. h5 Ra5 54. h6 Rxb5 55. Rg7+ Kh8 56. Rxa7 Kg8 57. Rg7+ Kh8 58. Rd7 Kg8 59. d5 Rc5 60. d6 Rd5 61. Rg7+ Kf8 62. d7 b5 63. Rxh7 b4 64. Rh8+ Ke7 65. d8Q+ 1-0

[Event "CZE-chT2A 1718"]
[Site "Czech Republic"]
[Date "2018.02.25"]
[Round "9.3"]
[White "Tichy, Stepan"]
[Black "Horak, Ales"]
[Result "1-0"]
[WhiteElo "2197"]
[BlackElo "2157"]
[PlyCount "73"]
[EventDate "2017.10.15"]
[EventType "team-tourn"]
[EventRounds "11"]
[EventCountry "CZE"]
[SourceTitle "EXT 2022"]
[Source "ChessBase"]
[SourceDate "2021.10.06"]
[SourceVersion "1"]
[SourceVersionDate "2021.10.06"]
[SourceQuality "1"]
[WhiteTeam "Karlovy Vary Tietz"]
[BlackTeam "Udlice"]
[WhiteTeamCountry "CZE"]
[BlackTeamCountry "CZE"]

1. c4 Nf6 2. Nc3 e6 3. e4 d6 4. g3 c5 5. Bg2 Nc6 6. Nge2 Be7 7. 0-0 h5 8. d4 cxd4 9. Nxd4 Bd7 10. Ndb5 Qb8 11. Bf4 e5 12. Bg5 a6 13. Na3 Be6 14. Qd2 Nd4 15. Nd5 Nxd5 16. cxd5 Bh3 17. Be3 Bxg2 18. Kxg2 Qc8 19. Bxd4 exd4 20. h3 h4 21. g4 0-0 22. Rac1 Qe8 23. f4 Bf6 24. Qd3 g5 25. Nc4 Qd8 26. Rc2 b5 27. Nd2 Rc8 28. Rxc8 Qxc8 29. fxg5 Bg7 30. Nb3 Qc4 31. Rd1 Re8 32. Kf3 Qa4 33. a3 Be5 34. Nxd4 Bxd4 35. Qxd4 Rxe4 36. Kxe4 Qc2+ 37. Ke3 1-0

[Event "CZE-chT2A 1718"]
[Site "Czech Republic"]
[Date "2018.02.11"]
[Round "8.2"]
[White "Svatos, Jan"]
[Black "Horak, Ales"]
[Result "0-1"]
[WhiteElo "2250"]
[BlackElo "2157"]
[PlyCount "78"]
[EventDate "2017.10.15"]
[EventType "team-tourn"]
[EventRounds "11"]
[EventCountry "CZE"]
[SourceTitle "EXT 2022"]
[Source "ChessBase"]
[SourceDate "2021.10.06"]
[SourceVersion "1"]
[SourceVersionDate "2021.10.06"]
[SourceQuality "1"]
[WhiteTeam "Praha Vrsovice"]
[BlackTeam "Udlice"]
[WhiteTeamCountry "CZE"]
[BlackTeamCountry "CZE"]

1. e4 c5 2. Nf3 Nc6 3. d4 cxd4 4. Nxd4 e5 5. Ne2 d6 6. Nbc3 Nf6 7. Ng3 Be6 8. Nd5 Nxd5 9. exd5 Qa5+ 10. Bd2 Qxd5 11. c4 Qd4 12. Bc3 Qxd1+ 13. Rxd1 Rd8 14. f4 f6 15. fxe5 dxe5 16. Rxd8+ Kxd8 17. a3 Bc5 18. Bd3 Bd4 19. Kd2 Bxc3+ 20. Kxc3 g6 21. Ne4 Ke7 22. b4 f5 23. Nc5 e4 24. Bc2 b6 25. Nxe6 Kxe6 26. Ba4 Rc8 27. Bxc6 Rxc6 28. Rd1 Rd6 29. Rxd6+ Kxd6 30. Kd4 Kc6 31. h4 Kd6 32. g3 Ke6 33. Kc3 Ke5 34. a4 h6 35. b5 g5 36. hxg5 hxg5 37. c5 bxc5 38. a5 Kd6 39. Kc2 c4 0-1

[Event "CZE-chT2A 1718"]
[Site "Czech Republic"]
[Date "2017.11.19"]
[Round "3"]
[White "Hrbolka, Ladislav"]
[Black "Horak, Ales"]
[Result "1/2-1/2"]
[WhiteElo "2087"]
[BlackElo "2157"]
[PlyCount "67"]
[EventDate "2017.10.15"]
[EventType "team-tourn"]
[EventRounds "11"]
[EventCountry "CZE"]
[SourceTitle "EXT 2022"]
[Source "ChessBase"]
[SourceDate "2021.10.06"]
[SourceVersion "1"]
[SourceVersionDate "2021.10.06"]
[SourceQuality "1"]
[WhiteTeam "Most Chess"]
[BlackTeam "Udlice"]
[WhiteTeamCountry "CZE"]
[BlackTeamCountry "CZE"]

1. d4 Nf6 2. c4 e6 3. Nc3 Bb4 4. Qc2 0-0 5. a3 Bxc3+ 6. Qxc3 b6 7. Nf3 Bb7 8. g3 d6 9. Bg2 Nbd7 10. 0-0 Rc8 11. b4 c5 12. Bb2 cxd4 13. Qxd4 Bxf3 14. exf3 Qc7 15. Rac1 Rfd8 16. f4 Nf8 17. Rfe1 Ng6 18. Qd3 Ne7 19. Qf3 Ne8 20. h4 Qb8 21. h5 b5 22. cxb5 Qxb5 23. Bf1 Qd5 24. Qxd5 Nxd5 25. Ba6 Rb8 26. Bd4 Nec7 27. Bc4 Rb7 28. h6 gxh6 29. Kg2 Ra8 30. Rh1 a5 31. Bxd5 Nxd5 32. bxa5 Kf8 33. Rxh6 Rxa5 34. Rxh7 1/2-1/2

[Event "CZE-chT2A 1718"]
[Site "Czech Republic"]
[Date "2017.11.05"]
[Round "2.3"]
[White "Horak, Ales"]
[Black "Elias, Miroslav"]
[Result "1/2-1/2"]
[WhiteElo "2157"]
[BlackElo "2063"]
[PlyCount "111"]
[EventDate "2017.10.15"]
[EventType "team-tourn"]
[EventRounds "11"]
[EventCountry "CZE"]
[SourceTitle "EXT 2022"]
[Source "ChessBase"]
[SourceDate "2021.10.06"]
[SourceVersion "1"]
[SourceVersionDate "2021.10.06"]
[SourceQuality "1"]
[WhiteTeam "Udlice"]
[BlackTeam "Sokolov"]
[WhiteTeamCountry "CZE"]
[BlackTeamCountry "CZE"]

1. e4 e5 2. Nf3 Nf6 3. Nxe5 d6 4. Nf3 Nxe4 5. Nc3 Nxc3 6. dxc3 Be7 7. Bf4 Nc6 8. h3 Bf6 9. Qd2 Qe7+ 10. Be2 0-0 11. 0-0-0 Qe4 12. Bg5 Bxg5 13. Nxg5 Qa4 14. Kb1 h6 15. Nf3 Be6 16. a3 Rae8 17. Nd4 Nxd4 18. cxd4 Bd5 19. f3 Re7 20. Bd3 Rfe8 21. Rhe1 Kf8 22. Rxe7 Rxe7 23. Qb4 Qxb4 24. axb4 Be6 25. Kc1 g5 26. Kd2 a6 27. c4 Bd7 28. Rf1 Kg7 29. g4 h5 30. Re1 Rxe1 31. Kxe1 f5 32. Be2 hxg4 33. hxg4 Kf6 34. Kd2 b5 35. Ke3 bxc4 36. Bxc4 Bb5 37. Bd5 c6 38. Bb3 Bf1 39. Kf2 Bd3 40. Ke3 Bf1 41. Kf2 Bb5 42. Bg8 f4 43. Bb3 Ke7 44. Ke1 Kd7 45. Kd2 Kc7 46. Bc2 Kb6 47. Bb3 Bf1 48. Ke1 Bd3 49. Kd2 Bg6 50. Bc4 Be8 51. Kc3 Bd7 52. Kd2 Bc8 53. Kc3 Bb7 54. Be2 Bc8 55. Bd1 Bb7 56. Be2 1/2-1/2

[Event "Teplice op 10th"]
[Site "Teplice"]
[Date "2015.06.21"]
[Round "9"]
[White "Friml, Antonin"]
[Black "Horak, Ales"]
[Result "0-1"]
[WhiteElo "2072"]
[BlackElo "1925"]
[PlyCount "84"]
[EventDate "2015.06.13"]
[EventType "swiss"]
[EventRounds "9"]
[EventCountry "CZE"]
[SourceTitle "EXT 2017"]
[Source "ChessBase"]
[SourceDate "2016.10.25"]
[SourceVersion "1"]
[SourceVersionDate "2016.10.25"]
[SourceQuality "1"]

1. e4 e5 2. Nf3 Nc6 3. Bb5 a6 4. Ba4 Nf6 5. d3 b5 6. Bb3 Be7 7. c3 0-0 8. 0-0 d6 9. h3 Na5 10. Bc2 c5 11. Nbd2 Qc7 12. Re1 Nc6 13. Nf1 Rd8 14. Qe2 Be6 15. Ng3 g6 16. Bh6 Ne8 17. Ng5 Bxg5 18. Bxg5 f6 19. Be3 Qf7 20. a3 Rac8 21. f4 Bb3 22. fxe5 Nxe5 23. Rf1 c4 24. Bxb3 cxb3 25. Rf2 Qe6 26. Raf1 d5 27. Bd4 a5 28. exd5 Rxd5 29. Ne4 f5 30. Nd2 Qd6 31. Nxb3 a4 32. Nd2 Nc6 33. Nf3 Nc7 34. Qe3 Ne6 35. Qh6 Nexd4 36. cxd4 Nxd4 37. Nxd4 Rxd4 38. g4 fxg4 39. Rf7 Qg3+ 40. Kh1 Qxh3+ 41. Qxh3 gxh3 42. R1f3 Rxd3 0-1

[Event "Teplice op 10th"]
[Site "Teplice"]
[Date "2015.06.15"]
[Round "3"]
[White "Svec, Ludek"]
[Black "Horak, Ales"]
[Result "0-1"]
[WhiteElo "1681"]
[BlackElo "1925"]
[PlyCount "80"]
[EventDate "2015.06.13"]
[EventType "swiss"]
[EventRounds "9"]
[EventCountry "CZE"]
[SourceTitle "EXT 2017"]
[Source "ChessBase"]
[SourceDate "2016.10.25"]
[SourceVersion "1"]
[SourceVersionDate "2016.10.25"]
[SourceQuality "1"]

1. Nf3 Nf6 2. g3 e6 3. Bg2 d5 4. d4 c5 5. 0-0 Nc6 6. c4 dxc4 7. Qa4 Bd7 8. Qxc4 b5 9. Qd3 c4 10. Qd1 Rc8 11. Bg5 Be7 12. Nbd2 0-0 13. Rc1 Qb6 14. Bxf6 Bxf6 15. Ne4 Bxd4 16. Nxd4 Qxd4 17. Qxd4 Nxd4 18. Rcd1 Nxe2+ 19. Kh1 c3 20. Nxc3 Nxc3 21. bxc3 Be8 22. Rd3 a5 23. Rfd1 g6 24. a3 Rc4 25. Rb1 Kg7 26. f4 h6 27. Kg1 g5 28. fxg5 hxg5 29. Re3 Kf6 30. Bf1 Rc5 31. g4 Bc6 32. Rd1 Rc8 33. Rb1 Ke7 34. Kf2 Rh8 35. h3 Rd8 36. Ke1 Rdd5 37. Bg2 Re5 38. Rxe5 Rxe5+ 39. Kf2 Bxg2 40. Kxg2 Kd6 0-1

[Event "CZE-chT U20 Extraliga West 1415"]
[Site "Czech Republic"]
[Date "2015.01.24"]
[Round "7.2"]
[White "Janska, Jitka"]
[Black "Horak, Ales"]
[Result "1-0"]
[WhiteElo "2077"]
[BlackElo "1991"]
[PlyCount "95"]
[EventDate "2014.10.11"]
[EventType "team-tourn"]
[EventRounds "11"]
[EventCountry "CZE"]
[SourceTitle "EXT 2021"]
[Source "ChessBase"]
[SourceDate "2020.10.23"]
[SourceVersion "1"]
[SourceVersionDate "2020.10.23"]
[SourceQuality "1"]
[WhiteTeam "Klatovy (U20)"]
[BlackTeam "Most Chess (U20)"]
[WhiteTeamCountry "CZE"]
[BlackTeamCountry "CZE"]

1. e4 c5 2. Nc3 e6 3. Nf3 Nc6 4. Bb5 d6 5. Bxc6+ bxc6 6. d3 Ne7 7. 0-0 h6 8. Be3 Qa5 9. Re1 d5 10. d4 cxd4 11. Nxd4 Bd7 12. Nb3 Qc7 13. Bc5 Ng6 14. exd5 Bxc5 15. Nxc5 cxd5 16. Nxd7 Qxd7 17. Qxd5 Qxd5 18. Nxd5 0-0-0 19. Ne3 Rd4 20. Rad1 Rhd8 21. Kf1 Ne7 22. Ke2 Nc6 23. c3 Ra4 24. a3 Kc7 25. Rxd8 Kxd8 26. Rd1+ Kc7 27. Nc2 Rh4 28. h3 g5 29. Nd4 Ne5 30. b3 Kb6 31. Ke3 g4 32. hxg4 Nxg4+ 33. Ke2 Nf6 34. g3 Rh5 35. Rd3 Rd5 36. c4 Rd7 37. Nb5 Re7 38. Rd6+ Kb7 39. b4 Nd7 40. c5 Ne5 41. f4 Nc4 42. Rd4 Kc6 43. a4 a6 44. Nc3 Na3 45. Rd6+ Kb7 46. Kd3 h5 47. Ne4 e5 48. f5 1-0